Letteratura italiana per stranieri : (Registro nro. 6400)

Detalles MARC
000 -CABECERA
campo de control de longitud fija 00685nam a2200217 i 4500
001 - NÚMERO DE CONTROL
campo de control Rebiun32379806
003 - IDENTIFICADOR DEL NÚMERO DE CONTROL
campo de control AR-RoIUNI
005 - FECHA Y HORA DE LA ÚLTIMA TRANSACCIÓN
campo de control 20260211164536.0
008 - DATOS DE LONGITUD FIJA--INFORMACIÓN GENERAL
campo de control de longitud fija 221128s2019 it aco 000 0 ita d
020 ## - NÚMERO INTERNACIONAL ESTÁNDAR DEL LIBRO
Número Internacional Estándar del Libro 9788899358464
040 ## - FUENTE DE LA CATALOGACIÓN
Centro catalogador/agencia de origen BUC
Centro/agencia transcriptor
080 ## - NÚMERO DE LA CLASIFICACIÓN DECIMAL UNIVERSAL
Número de la Clasificación Decimal Universal 811.131.1
100 1# - ENTRADA PRINCIPAL--NOMBRE DE PERSONA
Nombre de persona Balboni, Paolo E.
245 10 - MENCIÓN DE TÍTULO
Título Letteratura italiana per stranieri :
Resto del título storia, testi, analisi, attività /
Mención de responsabilidad, etc. Paolo E. Balboni con la collaborazione di Maria Voltolina
260 ## - PUBLICACIÓN, DISTRIBUCIÓN, ETC. (PIE DE IMPRENTA)
Lugar de publicación, distribución, etc. Perugia :
Nombre del editor, distribuidor, etc. Edilingua,
Fecha de publicación, distribución, etc. 2019
300 ## - DESCRIPCIÓN FÍSICA
Extensión 239 p. :
Otras características físicas il. ;
Dimensiones 24 cm +
Material acompañante/anejo CD
490 0# - MENCIÓN DE SERIE
Mención de serie cultura italiana
650 #0 - PUNTO DE ACCESO ADICIONAL DE MATERIA--TÉRMINO DE MATERIA
Término de materia o nombre geográfico como elemento inicial Italiano
Subdivisión general Lengua
9 (RLIN) 544
700 1# - PUNTO DE ACCESO ADICIONAL--NOMBRE DE PERSONA
Nombre de persona Voltolina, Maria,
Término indicativo de función/relación col
942 ## - ELEMENTOS DE PUNTO DE ACCESO ADICIONAL (KOHA)
Fuente del sistema de clasificación o colocación Clasificación Decimal Universal
Tipo de ítem Koha Libros
Existencias
Estado de retiro Estado de pérdida Fuente del sistema de clasificación o colocación Estado dañado Excepción de préstamo Código de colección Localización permanente Ubicación/localización actual Ubicación en estantería Fecha de adquisición Fuente de adquisición Número de inventario Total de préstamos Signatura topográfica completa Código de barras Fecha visto por última vez Precio válido a partir de Tipo de ítem Koha
    Clasificación Decimal Universal     Idiomas BIBLIOTECA CENTRAL BIBLIOTECA CENTRAL BIBLIOTECA CENTRAL 11/02/2026 Donación 9275   811.131.1 BAL 9275 11/02/2026 11/02/2026 Libros